000 01461cam a22004574i 4500
003 PE-LiUPU
005 20250731184606.0
008 150616s r 000 0 d
035 _a(Sirsi) a7708
040 _aPE-LiUPU
_bspa
_cPE-LiUPU
_erda
049 _aPRUA
082 0 4 _a956.94001
_bD97
_221
100 1 _aDuvernoy, Claude,
_eautor.
245 1 3 _aLe Sionisme de Dieu.
264 1 _aFrancia :
_bEditions S.E.R.G.,
_c1970.
300 _a302 páginas ;
_c24 cm.
336 _atext
_2rdacontent
337 _aunmediated
_2rdamedia
338 _avolume
_2rdacarrier
505 0 _aDes origines aux prophetes.- De jesus a herzl.- Israel ressuscite ou l'introdiction aux temps messianiques.
526 _aP136
526 _aP135
526 _aP134
526 _aP133
526 _aP144
526 _aP143
526 _aP87
526 _aP35
526 _aP20
526 _aP14
526 _aP10
526 _aP06
650 0 4 _aSIONISMO.
910 _ajck
_bjvq
_cjck
942 _2ddc
_cBOOK
949 _a956.94001 D97
_wDEWEY
_c1
_i41319
_lCCODEBUL1
_mBUL
_p00.00
_r0
_sY
_tBOOK
_u19960603
_xTEOLOGIA
_zUNKNOWN
_0COMPRA
_o.STAFF. Colección General
994 _aC0
_bPEPRU
596 _a1
999 _a956.94001 D97
_wDEWEY
_c58981
_i41319
_f2021-11-12
_g5
_lCCODEBUL1
_mBUL
_r0
_sY
_tBOOK
_u2015-6-16
_xTEOLOGIA
_zUNKNOWN
_0COMPRA
_o.STAFF. Colección General
_d58981
980 _81
_gALBERTO SANCHEZ Responsable de Automatización